000 00400cam a2200181ua 4500
020 _c2.00
041 _ahin
_h
082 _a891.54
_bPRE/NI
100 _aPremchand, .
245 _aNirmala /
_cPremchand.
_hTextual Documents
250 _a13 /
_b.
260 _a :
_bHans prakashan ,
_c1969.
300 _a186 ; .
365 _a2.00
504 _a
942 _cBK
999 _c3786
_d3786